[Event "UKR-chT 8th"]
[Site "Alushta"]
[Date "2000.04.18"]
[Round "9"]
[White "Khudjakov, Alexander"]
[Black "Gaynutdinov, Kostislav"]
[Result "0-1"]
[WhiteElo "2177"]
[BlackElo "2362"]
[PlyCount "59"]
[EventDate "2000.04.10"]
[EventType "team-swiss"]
[EventRounds "9"]
[EventCountry "UKR"]
[SourceTitle "EXT 2019"]
[Source "ChessBase"]
[SourceDate "2018.10.10"]
[SourceVersion "1"]
[SourceVersionDate "2018.10.10"]
[SourceQuality "1"]
[WhiteTeam "Alushta Carbon"]
[BlackTeam "Mariupol Azovstal"]
[WhiteTeamCountry "UKR"]
[BlackTeamCountry "UKR"]

1. Nf3 Nf6 2. b3 g6 3. Bb2 Bg7 4. e3 0-0 5. Be2 d6 6. 0-0 a5 7. c4 e5 8. d3 Re8 9. Nbd2 Nc6 10. a3 h6 11. Qc2 Nh7 12. Bc3 f5 13. b4 g5 14. Ne1 axb4 15. axb4 Rxa1 16. Bxa1 Nxb4 17. Qc3 Nc6 18. Nc2 Nf6 19. Nb4 Ne7 20. d4 exd4 21. exd4 Ng6 22. Bd1 Nf4 23. d5 Qe7 24. Qg3 Ne4 25. Nxe4 fxe4 26. Qa3 Bxa1 27. Qxa1 e3 28. fxe3 Qxe3+ 29. Kh1 Qd2 30. Rg1 0-1

[Event "UKR-chT 8th"]
[Site "Alushta"]
[Date "2000.04.10"]
[Round "1"]
[White "Gaynutdinov, Kostislav"]
[Black "Sinzhuk, Pavel"]
[Result "1-0"]
[WhiteElo "2362"]
[BlackElo "2199"]
[PlyCount "67"]
[EventDate "2000.04.10"]
[EventType "team-swiss"]
[EventRounds "9"]
[EventCountry "UKR"]
[SourceTitle "EXT 2019"]
[Source "ChessBase"]
[SourceDate "2018.10.10"]
[SourceVersion "1"]
[SourceVersionDate "2018.10.10"]
[SourceQuality "1"]
[WhiteTeam "Mariupol Azovstal"]
[BlackTeam "Kherson Chess For All"]
[WhiteTeamCountry "UKR"]
[BlackTeamCountry "UKR"]

1. e4 c5 2. Nf3 e6 3. d3 Nc6 4. g3 g6 5. Bg5 Qb6 6. Qc1 Bg7 7. c3 Nge7 8. Na3 d5 9. Bg2 h6 10. Bd2 0-0 11. 0-0 Kh7 12. Re1 a6 13. Nc2 Qc7 14. Ne3 b5 15. Ng4 h5 16. exd5 Nxd5 17. Ng5+ Kg8 18. Ne3 Nf6 19. d4 c4 20. Qc2 Bb7 21. d5 exd5 22. Nxd5 Qd8 23. Ne7+ Nxe7 24. Bxb7 Ra7 25. Bg2 Rd7 26. Re2 Ned5 27. Rae1 Qb6 28. Nf3 Rfd8 29. Bg5 b4 30. Ne5 Rc7 31. Nxg6 fxg6 32. Qxg6 Re7 33. Bxd5+ Rxd5 34. Rxe7 1-0